000 00628nam a2200253Ia 4500
005 20250425162334.0
008 250425s9999 xx 000 0 und d
020 _a9701016998
041 _aspa
043 _amx
082 _a004.6
100 _aCRUMLISH, CHRISTIAN
245 0 _aPUBLIQUE EN EL WEB CON NETSCAPE PARA GENTE OCUPADA
250 _a1A ED.
260 _aMEXICO
260 _aMéxico
_bMCGRAW-HILL
_c1997
300 _a276
650 _aPAGINAS WEB
650 _aTECNOLOGIA WEB 2.0
700 _aJUAN PURON MIER Y TERAN
_etraductor
710 _aMCGRAW-HILL, INC.
942 _c01
010 _a63618
999 _c227182
_d227182